000 01755nam a22002657a 4500
999 _c59389
_d59389
003 Ge_BSU
005 20230208112857.0
008 230208s2001 ge ||||| |||| 00| 0 geo d
020 _a9992821329
041 _ageo
080 _a341.9 ც-53
100 _aცვაიგერტი, კონრად
_916864
245 _aშედარებითი სამართალმცოდნეობის შესავალი კერძო სამართლის სფეროში :
_bტ. 2, ხელშეკრულება, უსაფუძვლო გამდიდრება, დელიქტი /
_cკონრად ცვაიგერტი, ჰაინ კოტცი ; მეცნ. რედ. და ბოლოთქმა თევდორე ნინიძის ; თარგმ. ეკატერინე სუმბათაშვილის.
264 _aთბილისი :
_bჯისიაი,
_c2001.
300 _a404 გვ.;
_b28 სმ.
500 _aპარალ. თავფ. გერმ. ენ.
653 _a შედარებითი სამართალი
653 _a კერძო სამართალი
653 _a ხელშეკრულებები
653 _a მართლსაწინააღმდეგო მოქმედებები
700 _aკოტცი, ჰაინ
_eავტორი
_916865
700 _aნინიძე, თევდორე
_eრედაქტორი, ბოლოსიტყვაობის ავტორი.
_92902
700 _aსუმბათაშვილი, ეკატერინე
_eმთარგმნელი.
_9260
942 _2udc
_cBK